Chelsea FC Current Squad - Statistics

General Stats
  • This quiz has been taken 35 times
    14 since last reset
  • The average score is 37 of 61
Answer Stats
# Position Nation Player Name % Correct
5 DF France Benoît Badiashile
100%
20 MF England Cole Palmer
100%
- FW Ivory Coast David Datro Fofana
100%
8 MF Argentina Enzo Fernñandez
100%
12 GK Denmark Filip Jörgensen
100%
3 DF Spain Marc Cucurella
100%
38 FW Spain Marc Guiu
100%
25 MF Ecuador Moisés Caicedo
100%
10 FW Ukraine Mykhailo Mudryk
100%
15 FW Senegal Nicolas Jackson
100%
11 FW England Noni Madueke
100%
7 FW Portugal Pedro Neto
100%
24 DF England Reece James
100%
1 GK Spain Robert Sánchez
100%
29 DF France Wesley Fofana
100%
6 DF England Levi Colwill
92%
27 DF France Malo Gusto
92%
32 FW England Tyrique George
92%
18 FW France Christopher Nkunku
83%
45 MF Belgium Roméo Lavia
83%
34 DF England Josh Acheampong
75%
22 MF England Kiernan Dewsbury-Hall
75%
13 GK England Marcus Bettinelli
75%
4 DF England Tosin Adarabioyo
75%
- FW Albania Armando Broja
67%
- DF France Axel Disasi
67%
- DF England Ben Chilwell
67%
- GK Serbia Đorđe Petrović
67%
19 FW England Jadon Sancho
67%
47 GK Finland Lucas Bergström
67%
30 DF Argentina Aarón Anselmino
58%
- MF Brazil Andrey Santos
58%
- Coach Italy Enzo Maresca
58%
- GK Spain Kepa Arrizabalaga
58%
23 DF England Trevoh Chalobah
58%
- FW Brazil Deivid Washington
50%
- FW England Raheem Sterling
50%
- DF Portugal Renato Veiga
50%
- DF England Alfie Gilchrist
42%
- MF England Carney Chukwuemeka
42%
- MF Portugal João Félix
42%
- MF France Lesley Ugochukwu
42%
39 MF France Mathis Amougou
42%
37 MF England Omari Kellyman
42%
55 FW England Ato Ampah
25%
- DF England Bashir Humphreys
25%
59 DF England Harrison Murray-Campbell
25%
42 MF Finland Jimi Tauriainen
25%
33 MF England Kiano Dyer
25%
81 MF England Reggie Walsh
25%
76 FW England Shim Mheuka
25%
- MF England Alex Matos
17%
- DF United States Caleb Wiley
17%
- DF England Dylan Williams
17%
64 DF Sweden Genesis Antwi
17%
- FW England Jimmy-Jay Morgan
17%
- MF England Leo Castledine
17%
- GK England Max Merrick
17%
51 MF England Samuel Rak-Sakyi
17%
- GK England Teddy Sharman-Lowe
17%
- DF England Zak Sturge
17%
No matching quizzes found
Score Distribution
Percent of People with Each Score
Percentile by Number Answered
Your Score History
You have not taken this quiz since the last reset